|
|
|
|
| LEADER |
00000nas a2200000 a 4500 |
| 001 |
ssj0000328661 |
| 003 |
WaSeSS |
| 005 |
20200512172242.0 |
| 006 |
m d |
| 007 |
cr n |
| 008 |
100426c20109999ir fr p s 0 0eng c |
| 010 |
|
|
|a 2010243463
|
| 016 |
7 |
|
|a 101528850
|2 DNLM
|
| 016 |
7 |
|
|a 015539393
|2 Uk
|
| 022 |
|
|
|a 2008-7209
|l 2008-000X
|y 2008-000X
|
| 035 |
|
|
|a (WaSeSS)ssj0000328661
|
| 040 |
|
|
|a SHS
|b eng
|c SHS
|d NLM
|d OCLCQ
|d UKMGB
|d UAB
|d OCLCQ
|d OCLCF
|d CUS
|d CDS
|d OCLCQ
|d OCLCO
|d RDF
|d OCLCO
|d OCLCQ
|d WaSeSS
|
| 042 |
|
|
|a pcc
|
| 050 |
|
4 |
|a RC1200
|b .A75
|
| 060 |
0 |
0 |
|a W1
|b AS1392L
|
| 245 |
0 |
0 |
|a Asian journal of Sports Medicine
|h [electronic resource].
|
| 246 |
1 |
|
|a AsJSM
|
| 260 |
|
|
|a Tehran :
|b Tehran University of Medical Sciences Press
|
| 310 |
|
|
|a Semiannual
|
| 362 |
1 |
|
|a Began with vol. 1, no. 1 (Mar. 2010).
|
| 506 |
|
|
|a License restrictions may limit access.
|
| 588 |
|
|
|a Description based on: Vol. 1, no. 1 (Mar. 2010); title from cover.
|
| 588 |
|
|
|a Latest issue consulted: Vol. 1, no. 1 (Mar. 2010).
|
| 650 |
|
0 |
|a Sports medicine
|v Periodicals.
|
| 650 |
|
0 |
|a Sports injuries
|v Periodicals.
|
| 650 |
|
0 |
|a Physical fitness
|v Periodicals.
|
| 650 |
1 |
2 |
|a Sports Medicine.
|
| 650 |
2 |
2 |
|a Athletic Injuries.
|
| 650 |
2 |
2 |
|a Physical Fitness.
|
| 650 |
2 |
2 |
|a Exercise.
|
| 650 |
|
7 |
|a Physical fitness.
|2 fast
|0 (OCoLC)fst01062569
|
| 650 |
|
7 |
|a Sports injuries.
|2 fast
|0 (OCoLC)fst01130688
|
| 650 |
|
7 |
|a Sports medicine.
|2 fast
|0 (OCoLC)fst01130709
|
| 655 |
|
0 |
|a Electronic journals.
|
| 710 |
2 |
|
|a Dānishgāh-i ʻUlūm-i Pizishkī-i Tihrān.
|b Sports Medicine Research Center.
|
| 856 |
4 |
0 |
|z Full text available from Research Library: 03/01/2010 to present
|u https://search.proquest.com/publication/135356
|